Actes del col·loqui sobre llengua i administració : Barcelona, octubre de 1983 / publicades a cura de Carles Duarte i Raimon Alamany Barcelona, octubre de 1983 / publicades a cura de Carles Duarte i Raimon Alamany
Descripción Física:
317 p. ; 23 cm
Colección:
Col·lecció Materials ; 2
MARC
| LEADER | 00000nam a2200000Ia 4500 | ||
|---|---|---|---|
| 001 | 1447 | ||
| 008 | 160829s1984 xx 000 0 cat d | ||
| 080 | |a L-1-63 | ||
| 100 | |a Col·loqui sobre Llengua i Administració (1983 : Barcelona) |9 35047 | ||
| 245 | |a Actes del col·loqui sobre llengua i administració : |b Barcelona, octubre de 1983 / publicades a cura de Carles Duarte i Raimon Alamany | ||
| 260 | |a Barcelona : |b Generalitat de Catalunya, Escola d'Administració Pública, |c 1984 | ||
| 300 | |a 317 p. ; |c 23 cm | ||
| 490 | |a Col·lecció Materials ; 2 | ||
| 650 | |a Català administratiu |x Congressos |9 35048 | ||
| 650 | |a Llengües |x Aspectes polítics |x Congressos |9 35049 | ||
| 700 | |a Duarte i Montserrat, Carles |9 46235 | ||
| 700 | |a Alamany i Sesé, Raimon |9 24170 | ||
| 710 | |a Escola d'Administració Pública de Catalunya |9 15494 | ||
| 901 | |a Arxiu | ||
| 942 | |n 1 | ||
| 952 | |0 0 |1 0 |4 0 |6 L163 |7 1 |9 46747 |a Arxiu |b Arxiu |d 2016-12-01 |l 0 |o L-1-63 |p 1447 |r 2016-12-01 00:00:00 |w 2016-12-01 |y ARXIU | ||
| 999 | |c 50540 |d 50540 | ||